00341nam a2200121Ia 4500008004100000082001900041100002900060245001700089260003300106300001000139630001800149650005200167211109s9999||||xx |||||||||||||| ||und|| a891.434bVID-A aVidyavacharspathi, Indra 0aAparadhi Kon bRaghal And SonsaDelhic1959 a300p. xGeneral Stack ahindi literaturevhindi essaysessaysxGeneralia